00489 2200181 4500001002100000005001500021035002000036245006400056100001200120260004300132300002500175020002200200084001400222082000800236650001000244008004100254990001200295INLIS00000000000271620251007092314 a0010-09250000631 aLatihan Mengarang Untuk Santri, Pelajar dan Umum /cAchi TM aAchi TM aJakarta :bEmir Cakrawala Islam,c2023 a91 ;c(14,5 x 21 cm) a978-623-6698-28-0 a400 ACH l a400 4aFiksi251007 0  a0754918